|
|
|
|
| LEADER |
01361nam a22003492a 4500 |
| 001 |
001676168 |
| 003 |
CZ BrMZK |
| 005 |
20190904072841.0 |
| 007 |
ta |
| 008 |
190328s1957 xr erf||||||||||cze d |
| 015 |
|
|
|a cnb000727969
|
| 035 |
|
|
|a (OCoLC)85699823
|
| 040 |
|
|
|a ABA001
|b cze
|c ABA001
|d ABA001
|d BOA001
|
| 043 |
|
|
|a e-cs---
|
| 072 |
|
7 |
|a 94(47+57)
|x Dějiny SSSR a Ruska
|2 Konspekt
|9 8
|
| 080 |
|
|
|a 94(470+571)"1917"
|2 MRF
|
| 080 |
|
|
|a 172.4(=161.1)
|2 MRF
|
| 080 |
|
|
|a (437)
|2 MRF
|
| 080 |
|
|
|a (072)
|2 MRF
|
| 100 |
1 |
|
|a Vávra, Vlastimil,
|d 1923-
|7 jk01141761
|4 aut
|
| 245 |
1 |
0 |
|a Velká říjnová socialistická revoluce a tradice čs.-sovětské družby :
|b materiál pro přednáškovou kampaň k 40. výročí Velké říjnové socialistické revoluce
|c [autoři:] Vlastimil Vávra, Bohumír Klípa
|
| 260 |
|
|
|a Praha :
|b Svaz protifašistických bojovníků,
|c 1957
|
| 300 |
|
|
|a 46 s. ;
|c 8°
|
| 504 |
|
|
|a Obsahuje bibliografii
|
| 650 |
0 |
7 |
|a říjnová revoluce (1917 : Rusko)
|7 ph138781
|2 czenas
|
| 650 |
0 |
7 |
|a rusofilství
|7 ph292484
|z Československo
|2 czenas
|
| 655 |
|
7 |
|a metodické příručky
|7 fd132826
|2 czenas
|
| 700 |
1 |
|
|a Klípa, Bohumír,
|d 1929-2018
|7 jk01060626
|4 aut
|
| 910 |
|
|
|a BOA001
|b X-0389.402
|
| 990 |
|
|
|a BK
|
| 991 |
|
|
|b 201903
|
| 996 |
7 |
|
|b 2618976570
|c X-0389.402
|l MZK
|r Sklad / do 24 hodin
|n 0
|w 001715905
|u 000010
|a 1
|e BOA001
|j MZK50
|s A
|